International bibliography of rice research 1977 supp

সংরক্ষণ করুন:
গ্রন্থ-পঞ্জীর বিবরন
প্রধান লেখক: Milagros Zamora
বিন্যাস: গ্রন্থ
ভাষা:Undetermined
প্রকাশিত: Manila IRRI 1978
বিষয়গুলি:
ট্যাগগুলো: ট্যাগ যুক্ত করুন
কোনো ট্যাগ নেই, প্রথমজন হিসাবে ট্যাগ করুন!
Thư viện lưu trữ: Trung tâm Học liệu Trường Đại học Cần Thơ
LEADER 00527nam a2200181Ia 4500
001 CTU_28986
008 210402s9999 xx 000 0 und d
082 |a 016.63318 
082 |b Z25/1977 
100 |a Milagros Zamora 
245 0 |a International bibliography of rice research 1977 supp 
245 0 |c Milagros Zamora, IRRI 
260 |a Manila 
260 |b IRRI 
260 |c 1978 
650 |a rice - bibliography 
904 |i Nguyễn Quang Điền, 990309 
980 |a Trung tâm Học liệu Trường Đại học Cần Thơ